Školský psychológ a jeho vstup do humanizácie našich škôl

Salvato in:
Dettagli Bibliografici
Autore principale: Gajdošová, Eva
Natura: Libro
Lingua:slovacco
Pubblicazione: Bratislava Príroda 1998
Soggetti:
Tags: Aggiungi Tag
Nessun Tag, puoi essere il primo ad aggiungerne!!

MARC

LEADER 00000nam a2200000 4500
001 c103326
005 20221109094544.5
020 |a 80-07-01029-7 
041 0 |a slo 
044 |a SK 
245 1 0 |a Školský psychológ a jeho vstup do humanizácie našich škôl  |c Eva Gajdošová 
264 1 |a Bratislava  |b Príroda  |c 1998 
300 |a 189 s. 
610 2 0 |a psychológovia 
610 2 0 |a školy 
610 2 0 |a školstvo 
610 2 0 |a správanie 
610 2 0 |a výchova 
610 2 0 |a vzdelávanie 
100 1 |a Gajdošová, Eva